| 000 | 00648nam a2200217 a 4500 | ||
|---|---|---|---|
| 005 | 20220604063854.0 | ||
| 008 | 060323s2003 mx r 000 0 spa d | ||
| 020 | _a8497598318 | ||
| 035 | _aUPN01000143423 | ||
| 049 | _aCG | ||
| 050 | 4 |
_aPQ8098.1 L5.4 _bA3.7 |
|
| 100 | 1 |
_aAllende, Isabel, _d1942- |
|
| 245 | 0 |
_aAfrodita / _cIsabel Allende. |
|
| 260 |
_aBarcelona, Esp. : _bPlaza&Janés, _c2003. |
||
| 300 |
_a326 p. : _bil. col. |
||
| 440 | 0 |
_aDeBolsillo ; _v1 |
|
| 500 | _aEn la cubierta dice: Cuentos, recetas y otros afrodisÃacos | ||
| 650 | 4 |
_aLITERATURA CHILENA _911995 |
|
| 650 | 7 |
_aMujeres en la literatura _2 _92269 |
|
| 905 | _aLibro | ||
| 999 |
_c115570 _d115570 |
||